000 00891fam a2200205 a 4500
020 _a0192892460 :
082 0 0 _a170
_bRAP
100 1 _aRaphael, D. D.
_937143
245 1 0 _aMoral philosophy /
_cD.D. Raphael.
250 _a2nd, enl. ed.
260 _aOxford ;
_aNew York :
_bOxford University Press,
_c1994.
300 _a152 p. :
_c20 cm.
500 _a"An OPUS book."
505 0 _a1. What is moral philosophy? -- 2. Naturalism and rationalism -- 3. Logic and language -- 4. Utilitarianism -- 5. Intuitionism and objections to utilitarianism -- 6. Kantian ethics -- 7. Justice -- 8. Liberty -- 9. Concepts of science -- 10. Concepts of practice -- 11. The relevance of Darwinism -- 12. How can moral philosophy help?
526 _a0
_b0
_c0
_d170_000000000000000_RAP
526 _a0
_b0
_c0
_d170_000000000000000_RAP
650 0 _aEthics
_94381
650 0 _aMCE
_9379
942 _2ddc
_cBK
999 _c542046
_d542046